| 000 | 01391nam a22004097a 4500 | ||
|---|---|---|---|
| 003 | CHAP | ||
| 005 | 20220817042922.0 | ||
| 008 | 971013s1994 r 00010 d | ||
| 010 | _a59840 | ||
| 011 | _a60812 | ||
| 035 | _a64975 | ||
| 040 | _cCHAP | ||
| 082 |
_a547.75 _bD5 |
||
| 100 | 0 | 0 |
_aD'Mello, J. P. F. _eed. _930850 |
| 245 | _aAmino acids in farm animal nutrition | ||
| 260 |
_aOxon : _bCAB International, _c1994 |
||
| 300 |
_a418 p. _b: ilus. ; gráfs. |
||
| 590 |
_aBATCH-UPD _b10 _c20130110 _lUCH01 _h0144 |
||
| 590 |
_aBATCH-UPD _b10 _c20130110 _lUCH01 _h1219 |
||
| 590 |
_aBATCH-UPD _b10 _c20130409 _lUCH01 _h2143 |
||
| 590 |
_aBATCH-UPD _b10 _c20130410 _lUCH01 _h0755 |
||
| 590 |
_aBATCH-UPD _b10 _c20130914 _lUCH01 _h0447 |
||
| 590 |
_aBATCH-UPD _b10 _c20130914 _lUCH01 _h2104 |
||
| 590 |
_aCONVERSION _b10 _c20130109 _lUCH01 _h1332 |
||
| 650 | 1 | 4 |
_aAminoacidos en nutricion animal. _95342 |
| 650 | 1 | 4 |
_aAves de corral _xNutrición. _98672 |
| 650 | 1 | 4 |
_aBecerros _xNutrición. _911184 |
| 650 | 1 | 4 |
_aGanado lanar _xNutrición. _945205 |
| 650 | 1 | 4 |
_aGanado lechero _xNutrición. _945281 |
| 650 | 1 | 4 |
_aGanado porcino _xNutrición. _945390 |
| 650 | 1 | 4 | _aNutrición animal. |
| 650 | 1 | 4 |
_aPeces _xNutrición. _986457 |
| 650 | 1 | 4 |
_aRumiantes _xNutrición. _9100847 |
| 901 | _aBK | ||
| 942 | _cLIBRO | ||
| 949 |
_a547.75 D5 _bBC _cLIBRO _d33724000800744 _eLIBRO _gI.181677 _h90344 _i64975 _si _t811.00 |
||
| 999 |
_c59840 _d59840 |
||